| 000 | 00947nam a2200241 a 4500 | ||
|---|---|---|---|
| 001 | 72581 | ||
| 003 | BD-RjUL | ||
| 005 | 20211209082259.0 | ||
| 008 | 170521s1965 enkaf b 101 0 eng d | ||
| 035 | _a(BD-RjUL)72799 | ||
| 040 |
_aIAI _cYSM _dBD-RjUL _beng |
||
| 041 | _aeng | ||
| 082 | 0 | 4 |
_a579 _223 _bFUN 1966 |
| 090 |
_aQR1 _b.S6233 no.15 |
||
| 245 | 0 | 0 |
_aFunction and structure in micro-organisms : _bfifteenth symposium of the Society for General Microbiology held at the Middlesex Hospital, London, April, 1965 / _cEdited by M.R. Pollock and M.H. Richmond |
| 260 |
_aCambridge : _bPublished for the Society for General Microbiology at the University Press, _c1965. |
||
| 300 |
_axii, 405 p. : _bill. ; _c25 cm. |
||
| 504 | _aIncludes bibliographical references and index. | ||
| 650 | 0 |
_aMicroorganisms _xPhysiology _vCongresses. _9214698 |
|
| 700 | 1 |
_aPollock, Martin. _9214699 |
|
| 700 | 1 |
_aRichmond, Mark, _d1931- _9214700 |
|
| 942 |
_2ddc _cBK |
||
| 999 |
_c72581 _d72581 |
||